000
00322nam a22001337a 4500
005
20250905143042.0
008
250905b - |||||||| |||| 00| 0 eng d
022
_a
0031-6849
245
_a
PHARMA TIMES
260
_a
MUMBAI
_b
THE INDIAN PHARMACEUTICAL ASSOCIAION
300
_a
43;P
650
_a
PHARMCY
_9
5226
942
_c
JRL
999
_c
8796
_d
8794